[Event "Corus"]
[Site "Wijk aan Zee"]
[Date "2000.01.24"]
[Round "8"]
[White "Piket, Jeroen"]
[Black "Morozevich, Alexander"]
[Result "1/2-1/2"]
[WhiteElo "2633"]
[BlackElo "2748"]
[Annotator "Huebner,R"]
[PlyCount "102"]
[EventDate "2000.01.15"]
[EventType "tourn"]
[EventRounds "13"]
[EventCountry "NED"]
[EventCategory "18"]
[SourceTitle "CBM 075"]
[Source "ChessBase"]
[SourceDate "2000.04.05"]
[SourceVersion "1"]
[SourceVersionDate "2000.04.05"]
[SourceQuality "1"]

1. d4 d5 2. c4 c6 3. Nf3 Nf6 4. Nc3 dxc4 5. a4 Bf5 6. e3 e6 7. Bxc4 Bb4 8. O-O
O-O 9. Qe2 Nbd7 10. e4 Bg6 11. Bd3 h6 12. Bf4 Re8 13. h3 Rc8 14. Rfd1 a6 15.
Rac1 ({Auf} 15. Na2 {kann} Bf8 16. b4 a5 17. bxa5 Qxa5 18. Rdb1 c5 19. Ne5 Nxe5
({Nach} 19... cxd4 20. Nxg6 fxg6 21. e5 Nd5 {wie in der Partie Petursson-Oll,
London 1994 geschah, führt die Folge} 22. Bh2 Ne7 23. Nc1 {laut Z. Ribli,
Slawisch D16-19 (Informatormonographie), D 19/139, Fußnote 830, zu Vorteil für
Weiß.}) 20. dxe5 c4 21. Bc2 Qc7 {mit etwa ausgeglichener Stellung folgen: M.
Petursson, loc. cit. Der hier angewandte Textzug wird von Z. Ribli in dem
genannten Werk an der angegebenen Stelle empfohlen.}) 15... Qa5 (15... Qb6 16.
Bb1 Bh7 17. Nd2 Qd8 18. Nc4 Nb6 19. Na2 Bf8 20. b3 Ra8 21. Kh1 Nc8 22. a5 $16 {
1-0 Sadler,M-Miles,A/Torquay 1998/CBM 66 ext (54)}) 16. Nd2 ({Nach} 16. Na2
Qxa4 17. b3 Qa5 18. Nxb4 Qxb4 {hat Weiß nur unklare Kompensation für den
aufgegebenen Bauern.}) 16... b5 17. axb5 ({Mit der Folge} 17. Ra1 Qb6 ({
Die Fortsetzung} 17... Bxc3 18. bxc3 ({Nach} 18. axb5 Bxd2 19. Rxa5 Bxa5 20.
bxa6 e5 {dürfte Schwarz nicht schlechter stehen.}) 18... Qxc3 19. Nf3 {gewährt
dem Weißen mehr als ausreichende Kompensation für den geopferten Bauern, weil
die Bauernstruktur des Schwarzen am Damenflügel nicht mehr stabil ist.}) 18.
Nf3 {konnte Weiß die Spannung im Zentrum aufrechterhalten und auf einigen
Vorteil hoffen.}) 17... cxb5 18. Nb3 Qb6 19. e5 Nd5 20. Nxd5 exd5 21. Qf3 Bxd3
22. Rxd3 Qe6 23. Rxc8 Rxc8 24. Bd2 Bf8 25. Rc3 Nb6 26. Rxc8 Qxc8 27. Ba5 Nc4
28. Qxd5 Nxb2 29. Nc5 Nc4 30. Bc3 Nb6 31. Qe4 Nc4 32. Qd5 a5 33. e6 fxe6 34.
Nxe6 Nb6 35. Qf5 b4 36. Bb2 Na4 37. Qd5 Kh8 38. Nf4 Qe8 39. Bc1 Nc3 40. Qxa5
Bd6 41. Nd3 Ne2+ 42. Kf1 Qe4 43. Qa6 Nxd4 44. Ne1 b3 45. Qd3 Qe5 46. Bb2 Bb4
47. Nf3 Qb5 48. Ne1 Qe8 49. Qd1 Qb5+ 50. Qd3 Qe8 51. Qd1 Qb5+ 1/2-1/2

[Event "St Petersburg-ch 73rd"]
[Site "St Petersburg"]
[Date "2000.04.13"]
[Round "11"]
[White "Lugovoi, Aleksei"]
[Black "Solozhenkin, Evgeniy"]
[Result "1-0"]
[WhiteElo "2515"]
[BlackElo "2528"]
[Annotator "Huebner,R"]
[PlyCount "73"]
[EventDate "2000.04.03"]
[EventType "tourn"]
[EventRounds "11"]
[EventCountry "RUS"]
[EventCategory "11"]
[SourceTitle "CBM 077"]
[Source "ChessBase"]
[SourceDate "2000.07.27"]
[SourceVersion "1"]
[SourceVersionDate "2000.07.27"]
[SourceQuality "1"]

1. d4 d5 2. c4 c6 3. Nf3 Nf6 4. Nc3 dxc4 5. a4 Bf5 6. e3 e6 7. Bxc4 Bb4 8. O-O
O-O 9. Qe2 Nbd7 10. e4 Bg6 11. Bd3 Bh5 12. Bf4 Re8 13. e5 Nd5 14. Nxd5 cxd5 15.
h3 a6 16. g4 Bg6 17. h4 Rc8 18. h5 {Dieser Zug wird von Z. Ribli in der
Informatormonographie Slawisch, D16-19, empfohlen (D 19/144, Fußnote 851). Nach
} (18. Rfc1 Nf8 19. h5 Bxd3 20. Qxd3 Qd7 21. h6 Ng6 22. Bg5 gxh6 23. Bxh6 Rxc1+
24. Rxc1 Rc8 25. Ra1 $14 {entstand eine ungefähr ausgeglichene Stellung in der
Partie Magerramov,E-Bagirov,V/Baku 1986/EXT 97 (remis, 37).}) 18... Bxd3 19.
Qxd3 Rc4 20. Rfc1 Nc5 21. Qe3 Rxc1+ 22. Rxc1 Ne4 ({Die Fortsetzung} 22... Nxa4
23. Qb3 Qa5 24. Qc2 Qb5 25. Ng5 g6 {ist auch nicht manifest ungünstig für
Schwarz.}) 23. Qb3 Qa5 (23... Qb6 {gefällt mir etwas besser: Schwarz hat ein
Auge auf den Punkt d4 und kann auch gelegentlich b2 angreifen.}) 24. Qc2 h6 25.
Kg2 Be7 $6 {Es war noch nicht zu spät für} (25... Qb6) 26. Ne1 Qb6 27. f3 Bg5
28. Bxg5 Nxg5 29. Qc3 a5 30. Nd3 Qa6 31. Qa3 b6 32. Qc3 Rb8 (32... Rf8 {
sieht sinnvoller aus: Schwarz mag gelegentlich f7-f6 oder f7-f5 spielen können.
}) 33. Kf2 b5 $2 {Schwarz begeht Selbstmord, indem er dem gegnerischen
Springer das Feld c5 freigibt.} 34. Qc7 Qb6 $2 (34... Qa8 35. Rc5 {wäre
freilich für Schwarz auch kein Honiglecken mehr gewesen.}) 35. Qxb6 Rxb6 36.
Rc8+ Kh7 37. Nc5 1-0

[Event "Elgoibar 08th"]
[Site "Elgoibar"]
[Date "1998.11.26"]
[Round "6"]
[White "Gomez Esteban, Juan Mario"]
[Black "Georgiev, Vladimir"]
[Result "1-0"]
[WhiteElo "2475"]
[BlackElo "2540"]
[Annotator "Huebner,R"]
[PlyCount "73"]
[EventDate "1998.11.11"]
[EventType "tourn"]
[EventRounds "9"]
[EventCountry "ESP"]
[EventCategory "10"]
[SourceTitle "CBM 069"]
[Source "ChessBase"]
[SourceDate "1999.04.01"]
[SourceVersion "1"]
[SourceVersionDate "1999.04.01"]
[SourceQuality "1"]

1. d4 {Baburin.} d5 2. c4 c6 3. Nf3 Nf6 4. Nc3 dxc4 5. a4 Bf5 6. e3 e6 7. Bxc4
Bb4 8. O-O O-O 9. Qe2 Bg6 10. Ne5 Nbd7 11. Nxg6 hxg6 12. Rd1 Qa5 13. Na2 {
Die übliche Fortsetzung} (13. Bd2 {bringt nicht viel ein, zum Beispiel:} Rad8
14. Be1 Nb6 15. Bb3 e5 16. h3 exd4 17. Rxd4 Rxd4 18. exd4 Re8 19. Qd3 Nbd5 {
mit Ausgleich: Kasparov-Kramnik, Paris 1994, vgl. Z. Ribli, Slawisch D16-19 
(Informatormonographie), D19/129.}) 13... Qxa4 {Dies ist vielleicht spielbar,
aber auf jeden Fall sehr riskant. Solider ist} (13... Bd6 14. e4 e5 15. dxe5
Qxe5 16. f4 Bc5+ 17. Kf1 Qe7 18. e5 Nd5 {mit vorzüglichem Spiel für Schwarz:
Comas Fabrego,L- Kirov,N/Zaragoza op-A 1995 (57)}) 14. e4 Qa5 {Baburin: 'So
far nothing new, only on the following move White deviates from the known line.
'} (14... b5 {geschah in der Partie Nogueiras-Hergott, Quebec op 1998. Leider
gibt der weitere Verlauf der Partie keinen Hinweis auf die Güte dieses
Versuchs; sie wurde nämlich hier remis gegeben.}) 15. e5 {Baburin: 'Crossing
the border certainly looks logical - after the f6-knight is pushed away,
Black's kingside becomes more vulnerable.'   Dies ist ein neuer, nicht
unplausibler Zug. Ich zitiere den Vorgänger:} (15. Nxb4 Qxb4 16. Bd2 (16. b3 $5
) 16... Qe7 17. Bg5 e5 18. f4 exd4 19. e5 Qc5 20. exf6 $2 ({Richtig war} 20. b4
d3+ 21. bxc5 dxe2 22. Rd4 Nd5 23. Bxd5 cxd5 24. Rxd5 Nb8 {mit etwa
ausgeglichener Stellung.}) 20... d3+ 21. Qf2 Qxc4 $17 {0-1 Etchegaray,
P-Ferguson,M/Benasque op 1997 (55) Baburin: 'and Black eventually capitalised
on his material advantage.'}) 15... Nd5 16. h4 {'!' Baburin. Baburin: 'A fine
attacking move - White aims to open the h-file, where his queen and the
d1-rook can move later. Perhaps White had other ways of developing his
initiative, but this plan looks most appropriate to me, as the g6-pawn simply
cries for the h2-h4-h5 march!'} Rfe8 17. Rd3 N7b6 $2 {Das kann nicht richtig
sein; dieser Springer wird auf jeden Fall am Königsflügel gebraucht.} (17...
Be7 18. Rh3 Nf8 {führt zu einer mir unklaren Stellung.}) 18. Bb3 Qb5 19. Bc2 {
'!?' Baburin.} Bf8 20. h5 gxh5 21. Qxh5 g6 22. Rg3 Bg7 23. Qh4 $2 (23. Bxg6 {
spielt man in solcher Stellung automatisch, um sich später zu wundern, was
dabei herauskommt. Ich gebe ein paar Hinweise:} fxg6 24. Qxg6 Re7 25. Bh6 Qxb2
26. Rf1 (26. Re1 Rf8 27. Bxg7 Qxf2+ 28. Kh2 Nf4 29. Qg4 Qxg3+ 30. Qxg3 Rxg7 {
ist fatal für Weiß.}) (26. Bxg7 Nf4 27. Qg5 Ne2+ (27... Qxa1+ 28. Kh2 Kf7 29.
Bf6) 28. Kh2 Nxg3 29. Bf6+ Kf8 30. Bxe7+ Ke8 31. Bc5 Nf5 32. Qg8+ Kd7 33. Qf7+
Kd8 34. Qxb7 Qxa1 35. Bxb6+ axb6 36. Qxa8+ {mit etwa ausgeglichener Stellung.})
26... Qxd4 (26... Qxa2 27. Bxg7 Nf4 28. Qg5 Ne2+ 29. Kh2 Nxg3 30. Bf6+ Kf8 31.
Bxe7+ Ke8 32. fxg3 {und Weiß gewinnt.}) (26... Nc4 27. Bxg7 Nf4 28. Qg5 Ne2+
29. Kh2 Nxg3 30. Bf6+ {und Weiß gewinnt.}) 27. Bxg7 Nf4 28. Qg5 Ne2+ 29. Kh2
Nxg3 30. Bf6+ Kf8 (30... Kh7 31. Kxg3 $18) 31. Bxe7+ Ke8 32. fxg3 {und Weiß
gewinnt.}) 23... Qe2 24. Bd3 Qe1+ 25. Kh2 Re7 $4 {Dies verliert auf der Stelle.
Es gab eine aussichtsreiche Verteidigungsmöglichkeit:} (25... Qxf2 26. Bh6 (26.
Bg5 c5 {und Schwarz wehrt den Angriff ab.}) 26... Bxh6 27. Rxg6+ (27. Qxh6 Qf4
{und Schwarz gewinnt.}) 27... fxg6 28. Qxf2 Kg7 {mit vorzüglichem Spiel für
Schwarz.}) ({Dagegen führt auch} 25... Nd7 $2 26. Bh6 Qxa1 27. Bxg6 fxg6 28.
Rxg6 Re7 29. Qg5 {zum Verlust.}) 26. Bh6 {'!' Baburin.} Qxf2 (26... Qxa1 27.
Bxg7 f5 (27... Kxg7 28. Rh3 {nebst matt in vier Zügen.}) 28. exf6 Rxg7 29. fxg7
$18) 27. Bxg7 $18 Kxg7 28. Rxg6+ fxg6 29. Qxf2 Rf7 30. Qg3 Nf4 31. Rf1 Nbd5 32.
Nc3 Rh8+ 33. Kg1 Nxd3 34. Rxf7+ Kxf7 35. Qxd3 Ne7 36. Ne4 Nf5 37. Ng5+ 1-0

[Event "RUS-ch 53rd"]
[Site "Samara"]
[Date "2000.06.18"]
[Round "2"]
[White "Popov, Valerij"]
[Black "Frolov, Denis"]
[Result "1-0"]
[WhiteElo "2534"]
[BlackElo "2428"]
[Annotator "Huebner,R"]
[PlyCount "73"]
[EventDate "2000.06.03"]
[EventType "swiss"]
[EventRounds "11"]
[EventCountry "RUS"]
[SourceTitle "CBM 078"]
[Source "ChessBase"]
[SourceDate "2000.10.18"]
[SourceVersion "1"]
[SourceVersionDate "2000.10.18"]
[SourceQuality "1"]

1. Nf3 d5 2. d4 Nf6 3. c4 c6 4. Nc3 dxc4 5. a4 Bf5 6. e3 e6 7. Bxc4 Bb4 8. O-O
Nbd7 9. Qe2 O-O 10. e4 Bg6 11. Bd3 Re8 12. e5 Bxd3 {Üblich ist} (12... Nd5 {
,und falls} 13. Bxg6 {,so} fxg6 14. Nxd5 exd5 {mit gleichem Spiel. Auch nach
dem textzug hat Schwarz indessen nicht viel zu fürchten.}) 13. Qxd3 Nd5 14.
Nxd5 cxd5 (14... exd5 15. Ng5 Nf8 16. f4 f6 17. Nf3 fxe5 18. dxe5 g6 19. f5
gxf5 20. Qxf5 $14 {1/2-1/2 Rusjan,M-Vodopivec,V/Nova Gorica 1997/CBM 56 ext 
(47)}) 15. Qb5 Qe7 16. Bg5 (16. Qxb7 {ist nicht fruchtbar:} Nxe5 {mit Vorteil
für Schwarz.}) 16... f6 17. exf6 gxf6 (17... Nxf6 18. Ne5 {gewährt dem Weißen
einen kleinen Vorteil.}) 18. Bh4 a6 19. Qd3 ({Nach} 19. Qxb7 Ne5 20. Qxe7 Nxf3+
21. gxf3 Bxe7 {genügt der Mehrbauer des Weißen nicht zum Sieg, weil seine
Bauernstruktur zu viele Schwächen aufweist.}) 19... Qf7 20. Qb3 a5 21. Ne1 Nb8
22. Nc2 Bd6 23. Na3 Nc6 24. Nb5 Bb8 {Die Einschließung des Damenturmes gefällt
mir nicht. Angewiesen war} (24... Bb4 {.Nach} 25. Qg3+ Kh8 26. Nc7 Rg8 27. Nxa8
Rxg3 28. fxg3 f5 {hat Weiß keinen Vorteil.}) 25. Rac1 Na7 $2 {Schwarz fährt
fort, seine Figuren zu verkrünkeln. Mit} (25... Qg6 {konnte er den Schaden in
Grenzen halten.}) 26. Nxa7 Rxa7 (26... Bxa7 {kostet einen Bauern:} 27. Qg3+ Qg6
(27... Kh8 28. Qf4 Rf8 29. Rc7 Qg6 30. Rxb7) 28. Bxf6 {usw.}) 27. Bg3 Ra8 28.
Bxb8 Raxb8 29. Qb6 Rbc8 {Weiß gewinnt einen Bauern;} (29... Ra8 30. Rc7 Re7 31.
Rfc1) 30. Qxa5 e5 31. dxe5 fxe5 32. Rcd1 d4 33. f4 Rc2 34. Rd2 (34. fxe5 $2
Rxg2+ 35. Kxg2 Qg6+ {führt zum Remis.}) 34... Rxd2 35. Qxd2 exf4 $2 ({Richtig
ist} 35... Qd5 36. Rd1 exf4 37. Qxf4 (37. Qxd4 $2 Re1+ $19) 37... d3 38. Qg3+
Kh8 39. h3 (39. Rxd3 $2 Qc5+ $19) 39... Rd8 {mit guten Rettungsaussichten für
Schwarz.}) 36. Rxf4 Re2 $6 {Dieser Zug verkürzt die Leiden des Schwarzen.} (
36... Re1+ 37. Qxe1 Qxf4 38. Qg3+ Qxg3 39. hxg3 Kf7 40. Kf2 Ke6 41. Ke2 Kf5 42.
b4 {verheißt allerdings auch keine Rettung, und nach anderen Zügen verbleibt
Weiß mit zwei Mehrbauern.}) 37. Rg4+ 1-0

[Event "Excelsior Cup"]
[Site "Gothenburg"]
[Date "1998.01.09"]
[Round "3"]
[White "Aagaard, Jacob"]
[Black "Ziegler, Ari"]
[Result "0-1"]
[WhiteElo "2395"]
[BlackElo "2425"]
[Annotator "Huebner,R"]
[PlyCount "89"]
[EventDate "1998.01.07"]
[EventType "tourn"]
[EventRounds "9"]
[EventCountry "SWE"]
[EventCategory "9"]
[SourceTitle "CBM 063"]
[Source "ChessBase"]
[SourceDate "1998.03.26"]
[SourceVersion "1"]
[SourceVersionDate "1998.03.26"]
[SourceQuality "1"]

1. d4 d5 2. c4 c6 3. Nc3 Nf6 4. Nf3 dxc4 5. a4 Bf5 6. e3 e6 7. Bxc4 Bb4 8. O-O
O-O 9. Qe2 Bg6 10. Ne5 Nbd7 11. Nxg6 hxg6 12. Rd1 Qa5 13. Bd2 e5 14. Be1 Rad8
15. Qc2 $16 {Dies gefällt mir besser als die Fortsetzung, die früher gewählt
wurde:} (15. d5 cxd5 16. Bxd5 Nc5 17. Qc4 Rd7 18. f3 Na6 19. Be4 Qc5 20. Qe2
Rxd1 21. Rxd1 Bxc3 22. Bxc3 Nxe4 23. fxe4 Qc6 $15 {1/2-1/2 Lerner,K-Milov,L/
Berliner Sommer 1993 (49)}) 15... exd4 16. Rxd4 c5 {Dieser Zug bedeutet ein
positionelles Zugeständnis, da das Feld d5 schwach wird. Nach} (16... Ne5 17.
Ba2 {ist es für Schwarz jedoch schwierig, den Bauern g6 auf befriedigende
Weise zu decken.}) 17. Rdd1 Nb6 18. Be2 Rxd1 19. Qxd1 Nc8 20. Bf3 Rd8 21. Qe2 (
21. Qc2 $5) 21... Nd6 22. g3 a6 23. e4 {Weiß erlaubt dem Springer des
Schwarzen, das Feld d4 zu besetzen, kann jedoch den e-Bauern nach e5 bringen
und die Diagonale g2-b7 für seinen Läufer öffnen.} ({Vorbereitendes} 23. Bg2 {
kam in Betracht, denn nach} g5 24. e4 Re8 25. e5 Nf5 26. f4 {ist die Lage für
Schwarz nicht erfreulich.}) 23... Re8 24. Bg2 Nf5 25. f4 Nd4 26. Qd1 Nd7 27. e5
Nb6 28. Qd3 $2 (28. Bxb7 Nc4 29. Rb1 Nxb2 30. Rxb2 Bxc3 31. Bxc3 Qxc3 {führt
zu Vorteil für Schwarz.}) ({Nach} 28. Ne4 Bxe1 29. Qxe1 Qxe1+ 30. Rxe1 Nxa4 31.
Nd6 {hätte der Weiße jedoch eine gefährliche Initiative behalten.}) 28... c4
29. Qe4 Nb3 30. Rd1 Nc5 31. Qe2 Nd3 32. Bxb7 Nxa4 33. Nxa4 Qxa4 34. Bxb4 Qxb4
35. Be4 Nxb2 36. Rd7 c3 37. Kg2 Qc5 38. Bd5 $2 (38. h4 $17) 38... c2 $19 39. e6
Qxd5+ (39... fxe6 {gewinnt:} 40. Qe5 Qxd5+ 41. Rxd5 c1=Q $19 {denn} 42. Rd7 {
scheitert an} Qc6+) (39... Rxe6 40. Bxe6 c1=Q 41. Bxf7+ Kh7 42. Bxg6+ Kh6 (
42... Kxg6 $4 43. Qg4+ {führt zum Matt.}) 43. Rd6 Q5g1+ 44. Kh3 Qcf1+ 45. Qxf1
Qxf1+ 46. Kh4 Qf2 47. Bf5+ g6 48. Rxg6+ Kh7 49. Rxa6+ {bedeutet noch einige
Arbeit für Schwarz. Der Textzug ist einfach genug.}) 40. Rxd5 c1=Q 41. exf7+
Kxf7 42. Rd7+ Kf8 43. Qxa6 Qc2+ 44. Kf1 Nc4 45. Qxg6 0-1

[Event "Elgoibar 08th"]
[Site "Elgoibar"]
[Date "1998.11.24"]
[Round "4"]
[White "Ubilava, Elizbar"]
[Black "Georgiev, Vladimir"]
[Result "1-0"]
[WhiteElo "2540"]
[BlackElo "2540"]
[Annotator "Huebner,R"]
[PlyCount "93"]
[EventDate "1998.11.11"]
[EventType "tourn"]
[EventRounds "9"]
[EventCountry "ESP"]
[EventCategory "10"]
[SourceTitle "CBM 069"]
[Source "ChessBase"]
[SourceDate "1999.04.01"]
[SourceVersion "1"]
[SourceVersionDate "1999.04.01"]
[SourceQuality "1"]

1. d4 d5 2. Nf3 Nf6 3. c4 dxc4 4. Nc3 c6 5. a4 Bf5 6. e3 e6 7. Bxc4 Bb4 8. O-O
O-O 9. Qe2 Bg6 10. Ne5 Nbd7 11. Nxg6 hxg6 12. Rd1 Qe7 13. e4 e5 14. d5 Nb6 15.
dxc6 (15. Bb3 {gefolgt von Lc1-g5 dürfte bessere Aussichten auf Vorteil
gewähren.}) 15... bxc6 16. Ba6 (16. Bb3 Rab8 17. Bg5 Nbd7 18. Bc4 {1/2-1/2
Jirovsky,P-Voloshin,L/CZE-chT9495 1995}) 16... Rab8 17. Bg5 Nbd7 (17... Bc5 18.
Be3 Nbd7 19. Rd2 Rb4 20. Bxc5 Nxc5 21. Bc4 Rfb8 22. a5 Nb3 23. Bxb3 Rxb3 24. g3
Qb4 25. Qe3 Qe7 26. Qe2 Qb4 27. Qe3 Qe7 28. Qe2 {1/2-1/2 Ftacnik,L-Velikov,P/
Dubai olm 1986}) 18. Bc4 Bc5 19. Kh1 Rfe8 20. Rd2 Bd4 21. Nd1 Qb4 22. Rc2 Qd6
23. f3 Nc5 24. Nf2 Nfd7 25. Be3 Rb4 26. Rd1 Nb6 27. f4 $6 {Damit geht der
Anziehende nur Risiken ein, indem er seine solide Bauernstruktur schwächt.} (
27. a5 Nxc4 28. Rxc4 Rxc4 29. Qxc4 Ne6 30. Bxd4 {nebst Sf2-d3 gab ihm ein
sorgenfreies Leben.}) (27. Ng4 Rd8 (27... Nbxa4 {scheitert an} 28. Nxe5) 28. a5
Nxc4 29. Rxc4 Rxc4 30. Qxc4 Ne6 31. b4 {führte ebenfalls zu befriedigendem
Spiel für Weiß.}) 27... Qe7 28. Bxd4 exd4 29. e5 ({Die Fortsetzung} 29. Rxd4
Ne6 30. Rd1 Nxf4 31. Qf3 Rxc4 32. Rxc4 Nxc4 33. Qxf4 Nxb2 {ist unerfreulich
für Weiß.}) 29... Nxc4 ({Nach} 29... Rxc4 30. Rxc4 d3 31. Nxd3 Nxc4 32. Nxc5
Qxc5 33. Rc1 Rd8 34. b3 {kann Schwarz keine Gewinnhoffnungen hegen.}) 30. Rxd4
(30. Rxc4 d3 {wäre fatal für Weiß.}) 30... Ne6 31. Rdxc4 Nxf4 32. Qe4 Rxc4 33.
Rxc4 Qxe5 34. Qxe5 Rxe5 35. h4 ({Schwächer wäre} 35. h3 {wegen der Antwort} g5
{mit der Drohung Te5-e2. Jetzt genügt der Vorteil des Schwarzen nicht zum
Gewinn.}) 35... Ne6 (35... Ne2 {war hier sehr zu empfehlen; man vergleiche den
Schluß der Partie! Nach} 36. Rxc6 Rh5 37. g4 Rxh4+ 38. Kg2 {sollte Weiß
allerdings keine Mühe haben, die Partie zu halten.}) 36. Rxc6 Re2 37. Nd3 Re4
38. Kg1 Rxa4 39. Ne5 Rd4 40. Ra6 (40. Nxg6 Nd8 41. Ne7+ Kf8 42. Rc7 {genügt
zum Erzielen des Unentschieden.}) 40... Rxh4 (40... Re4 41. Nf3 Rb4 42. Rxa7
Rxb2 43. Ne5 {ist auch nicht gewinnträchtig.}) 41. Nxg6 Rb4 42. Ne7+ Kh7 43.
Rxa7 Rxb2 44. Nd5 Kg6 45. Ra5 Rd2 46. Ne7+ Kh7 {Dies scheint mir nicht der
stärkste Zug in dieser Stellung zu sein.} 47. Rh5# 1-0

[Event "EU-Cup 16th"]
[Site "Neum"]
[Date "2000.09.28"]
[Round "5.2"]
[White "Filippov, Valerij"]
[Black "Braga, Fernando Alberto"]
[Result "1-0"]
[WhiteElo "2593"]
[BlackElo "2455"]
[Annotator "Huebner,R"]
[PlyCount "53"]
[EventDate "2000.09.24"]
[EventType "team-swiss"]
[EventRounds "7"]
[EventCountry "BIH"]
[SourceTitle "CBM 080"]
[Source "ChessBase"]
[SourceDate "2001.01.25"]
[SourceVersion "1"]
[SourceVersionDate "2001.01.25"]
[SourceQuality "1"]
[WhiteTeam "Tomsk Siberia"]
[BlackTeam "Porto Boavista"]
[WhiteTeamCountry "RUS"]
[BlackTeamCountry "POR"]

1. Nf3 d5 2. d4 Nf6 3. c4 c6 4. Nc3 dxc4 5. a4 Bf5 6. e3 e6 7. Bxc4 Bb4 8. O-O
O-O 9. Qe2 Nbd7 10. e4 Bg6 11. Bd3 Bh5 12. e5 Nd5 13. Nxd5 cxd5 14. Qe3 Qe7 $2
{Bessere Züge sind:} (14... h6) (14... Bg6) (14... Be7) 15. Ng5 h6 (15... Bg6 {
scheitert an} 16. Bxg6 fxg6 17. Qh3) (15... f5 16. exf6 Nxf6 17. Qxe6+ {
kostet ebenfalls einen Bauern.}) 16. Qh3 Be2 (16... g6 17. Nh7 Rfc8 18. Bxh6 {
ist auch fatal für Schwarz.}) 17. Bxe2 hxg5 18. Qh5 f5 19. Bxg5 Qf7 20. Qh4
Rfc8 21. Bd3 Nf8 22. g4 Rc7 23. gxf5 exf5 24. Kh1 Ne6 25. Rg1 Rf8 26. Bf6 Be7
27. Bxf5 1-0

[Event "Cannes NAO Masters"]
[Site "Cannes"]
[Date "2002.03.01"]
[Round "7"]
[White "Bacrot, Etienne"]
[Black "Bareev, Evgeny"]
[Result "0-1"]
[WhiteElo "2649"]
[BlackElo "2707"]
[Annotator "Huebner,R"]
[PlyCount "80"]
[EventDate "2002.02.22"]
[EventType "tourn"]
[EventRounds "9"]
[EventCountry "FRA"]
[EventCategory "18"]
[SourceTitle "CBM 088"]
[Source "ChessBase"]
[SourceDate "2002.03.21"]
[SourceVersion "1"]
[SourceVersionDate "2002.03.21"]
[SourceQuality "1"]

1. d4 d5 2. c4 c6 3. Nc3 Nf6 4. Nf3 dxc4 5. a4 Bf5 6. e3 e6 7. Bxc4 Bb4 8. O-O
Nbd7 9. Qe2 Bg6 10. e4 O-O 11. Bd3 h6 12. e5 {Dies ist nicht besonders wirksam:
Weiß sollte diesen Vorstoß nicht ohne Grund durchführen. Mehr verspricht das
übliche} (12. Bf4) 12... Nd5 13. Bd2 {Auch dies gefällt mir nicht besonders.} (
13. Nxd5 {führt zu einer ausgeglichenen Stellung.}) 13... Qa5 $6 (13... Bxd3
14. Qxd3 Qa5 $11) 14. Bxg6 fxg6 15. Qd3 Kh7 (15... g5 {sieht verständiger aus.}
{Die Fortsetzung} 16. Nxd5 cxd5 17. Bxb4 Qxb4 18. Qg6 Rfe8 {ist vollkommen
befriedigend für Schwarz.}) 16. Nh4 $6 {Damit erreicht Weiß nichts. Besser ist}
(16. Nxd5 cxd5 17. Bxb4 Qxb4 18. Rfc1 (18. Nh4 $2 {scheitert an} Nxe5) 18...
Qe7 (18... Rac8 {wird mit} 19. Ng5+ {widerlegt.}) 19. Rc3 {mit Vorteil für
Weiß.}) 16... Ne7 17. Qh3 Bxc3 (17... Nf5 {führt zum Ausgleich.}) 18. bxc3 Qd5
19. Bc1 c5 20. Ba3 Rf7 21. Nf3 Kg8 22. Rfd1 cxd4 23. Nxd4 $6 {Weiß sollte die
Gelegenheit nutzen, seinen Damenläufer gegen einen Springer des Schwarzen zu
tauschen. Nach} (23. Rxd4 Qc6 24. Bxe7 Qxc3 25. Rad1 Rxe7 {ist nicht deutlich,
wie Weiß genügend Kompensation für den geopferten Bauern bekommt; aber}) (23.
Bxe7 Rxe7 24. cxd4 (24. Qh4 g5 25. Qxd4 Qxd4 26. cxd4 Nb6 27. a5 Nd5 $11) 24...
Rc8 25. Qg4 {führt zu einer etwa ausgeglichenen Stellung.}) (23. cxd4 Nc6 {
mit Vorteil für Schwarz.}) 23... Qxe5 24. Nf3 Qxc3 25. Qxe6 Nc6 26. Qa2 $2 {
Es ist nicht deutlich, warum Weiß auf} (26. Qxg6 {verzichtet. Nach} Nde5 (26...
Rxf3 27. gxf3 Nde5 28. Qe4 {ist für Schwarz ungünstig.}) 27. Nxe5 Nxe5 28. Qe6
{entsteht eine ausgeglichene Stellung.}) 26... Nde5 27. Nxe5 Qxe5 28. Rab1 Re8
29. h3 Qe6 30. Qb2 Qf5 31. Rbc1 $6 (31. Re1 {erlaubt zähere Gegenwehr.}) 31...
Re4 $19 32. Bc5 Rxa4 33. Re1 Re4 34. Rxe4 Qxe4 35. Qa2 a6 36. Ba3 Qe8 37. h4
Kh7 38. h5 gxh5 39. Qc2+ Kg8 40. Bb2 Qe6 0-1